| 000 | 00513nam a2200169Ia 4500 | ||
|---|---|---|---|
| 008 | 230718s9999 xx 000 0 und d | ||
| 020 | _a9789351104049 | ||
| 041 | _aeng | ||
| 082 |
_a006.7 _bLAN |
||
| 100 |
_aLangenhan D. _9195823 |
||
| 245 |
_aVMware vCloud Director Cookbook _bOver 80 Recipes To Help You Master VMware vCloud Director |
||
| 260 |
_c2013 _bPackt / SPD |
||
| 300 | _a349 | ||
| 365 |
_cRs. _b750.00 |
||
| 700 |
_aLangenhan D. _9195823 |
||
| 906 |
_dO:0399007-Jul-2014B:579122-May-2014 _cCOMP _b165 |
||
| 999 |
_c336796 _d336796 |
||